000 00683nam a2200229 i 4500
001 C2-0305919
003 PPAK
005 20180728091338.0
008 100906s xx |||| ||||| | ara d
040 _aPPAK
_beng
_cPPAK
_erda
082 0 4 _a297.52
_223
090 0 0 _a297.52
_bABD
_dKMN
100 0 _aAbdullah bin Muhammad al-Siddiq al-Husni,
_eauthor
245 1 0 _aal-Subhi Safir fi Tahqiq Solat al-Musafir
_bMusafir subuh dalam perlaksanaan Solat Musafir
300 _a83 pages ;
_c20 cm
336 _2rdacontent
_atext
337 _2rdamedia
_aunmediated
338 _2rdacarrier
_avolume
500 _aTeks dalam bahasa Arab
650 1 0 _aPrayer (Islam).
942 _ddc
_cB
999 _c108904
_d108904